QUEST Central Library Banner

Satellite communications / (Record no. 308)

MARC details
000 -LEADER
fixed length control field 00511nam a2200169 a 4500
020 ## - INTERNATIONAL STANDARD BOOK NUMBER
ISBN 0442227450 (hardcover)
020 ## - INTERNATIONAL STANDARD BOOK NUMBER
ISBN 9780442227456 (hardcover)
082 ## - DEWEY DECIMAL CLASSIFICATION NUMBER
Classification number 621.382GAG
100 1# - MAIN ENTRY--AUTHOR NAME
Personal name Gagliardi, Robert M.
245 10 - TITLE STATEMENT
Title Satellite communications /
250 ## - EDITION STATEMENT
Edition statement 1st ed.
260 ## - PUBLICATION, DISTRIBUTION, ETC. (IMPRINT)
Place of publication [S.l.] :
Name of publisher Springer,
Year of publication 2004.
300 ## - PHYSICAL DESCRIPTION
Number of Pages 584 p. ;
650 ## - SUBJECT ADDED ENTRY--TOPICAL TERM
Topical Term Artificial satellites in telecommunication
-- Telecommunication
856 40 - ELECTRONIC LOCATION AND ACCESS
Uniform Resource Identifier http://www.amazon.com/exec/obidos/ASIN/0442227450/chopaconline-20
942 ## - ADDED ENTRY ELEMENTS (KOHA)
Koha item type Books
Holdings
Withdrawn status Lost status Collection code Home library Current library Date acquired Cost, normal purchase price Full call number Accession Number Koha item type
      Central Library, QUEST, Nawabshah Central Library, QUEST, Nawabshah 22/05/2014 636.00 621.382GAG 49917 Books
      Central Library, QUEST, Nawabshah Central Library, QUEST, Nawabshah 22/05/2014 636.00 621.382GAG 49918 Books
      Central Library, QUEST, Nawabshah Central Library, QUEST, Nawabshah 22/05/2014 636.00 621.382GAG 49921 Books
      Central Library, QUEST, Nawabshah Central Library, QUEST, Nawabshah 29/08/2014 134.20 621.382GAG 18930 Books
    Reference Reference Section Reference Section 24/04/2014 2181.60 621.382GAG (Shelf - 57D) 17288 Books
      Central Library, QUEST, Nawabshah Seminar Library, Electronic Engg. 22/05/2014 636.00 621.382GAG 49919 Books
      Central Library, QUEST, Nawabshah Seminar Library, Electronic Engg. 22/05/2014 636.00 621.382GAG 49920 Books

Copyright © 2018,The QUEST, Nawabshah, Shaheed Benazirabad. All rights reserved
Mr. G. Farooq Channar (Librarian) QUEST, Nawabshah, Sindh, Pakistan 67480.
 Ph#: |   0244-9370381-4 Ext. 2308   Email| lib@quest.edu.pk   Web|  http://www.quest.edu.pk